000 00341nam a2200145Ia 4500
008 150201s2012 xx 000 0 und d
082 _a610.7362
_bP12K
100 _aKALIA, RAMAN
245 _aPEDIATRIC NURSING PROCEDURES
250 _a1ST
260 _bJAYPEE
_aDELHI
_c2012
300 _a110
650 _aPEDIATRICS
942 _2ddc
_cBK
_02
999 _c2305
_d2305